[Event "Canadian op 48th U2000"]
[Site "Toronto"]
[Date "2011.07.15"]
[Round "7"]
[White "Philip, Andrew"]
[Black "Nickoloff, Steve"]
[Result "1/2-1/2"]
[WhiteElo "1596"]
[BlackElo "1872"]
[PlyCount "81"]
[EventDate "2011.07.09"]
[EventType "swiss"]
[EventRounds "9"]
[EventCountry "CAN"]
[SourceTitle "EXT 2022"]
[Source "ChessBase"]
[SourceDate "2021.10.06"]
[SourceVersion "1"]
[SourceVersionDate "2021.10.06"]
[SourceQuality "1"]

1. d4 Nf6 2. Bg5 d5 3. Bxf6 exf6 4. e3 Bd6 5. g3 c6 6. Bg2 Bf5 7. Nd2 0-0 8. Ne2 Nd7 9. 0-0 Re8 10. c4 dxc4 11. Nxc4 Nb6 12. Nxd6 Qxd6 13. Nc3 Qb4 14. Qb3 Qxb3 15. axb3 Be6 16. Na4 Nxa4 17. bxa4 Bd5 18. Bxd5 cxd5 19. Rfc1 Rac8 20. Rc5 Rxc5 21. dxc5 Rc8 22. Rd1 Rxc5 23. e4 a5 24. Kg2 Kf8 25. exd5 Ke7 26. Kf3 Kd6 27. Ke4 Rc2 28. Rb1 Rc4+ 29. Kd3 Rxa4 30. Re1 Rb4 31. Re8 Rxb2 32. Rd8+ Ke7 33. Ra8 Rxf2 34. Rxa5 Rxh2 35. Rb5 Kd6 36. Rxb7 Kxd5 37. Rxf7 g5 38. Rxf6 Ke5 39. Rf7 h5 40. Ke3 Rh3 41. Kf2 1/2-1/2

[Event "Canadian op 48th U2000"]
[Site "Toronto"]
[Date "2011.07.11"]
[Round "3"]
[White "Fletcher, David"]
[Black "Nickoloff, Steve"]
[Result "0-1"]
[WhiteElo "1449"]
[BlackElo "1872"]
[PlyCount "24"]
[EventDate "2011.07.09"]
[EventType "swiss"]
[EventRounds "9"]
[EventCountry "CAN"]
[SourceTitle "EXT 2022"]
[Source "ChessBase"]
[SourceDate "2021.10.06"]
[SourceVersion "1"]
[SourceVersionDate "2021.10.06"]
[SourceQuality "1"]

1. e4 e5 2. Bc4 Nf6 3. Nf3 Nc6 4. Ng5 d5 5. exd5 Nd4 6. Nf3 Bg4 7. Be2 Nxe2 8. Qxe2 Bd6 9. Qb5+ Qd7 10. Qxb7 0-0 11. Qc6 Qf5 12. Nh4 Qe4+ 0-1